Sports Quiz

Random Sports or WWE Quiz

Wrestling Observer's Best of 2010 Quiz Stats

 Plays Quiz not verified by Sporcle

Challenge
Share
Tweet
Embed
Score 0/36 Timer 10:00
0 Plays Today
Award Winner % Correct
Wrestler of the YearJohn Cena
95.7%
MMA Most ValuableBrock Lesnar
72.5%
Best Box Office DrawBrock Lesnar
62.7%
Most CharismaticJohn Cena
59.2%
Most Outstanding WrestlerDaniel Bryan
58.4%
Best Technical WrestlerDaniel Bryan
58.4%
Worst Television AnnouncerMichael Cole
54.1%
Promotion of the YearUltimate Fighting Championship
53.6%
Worked Match of the YearThe Undertaker vs. Shawn Michaels, WrestleMania XXVI
45.5%
Worst Television ShowTNA Impact
42.5%
Worst Promotion of the YearTotal Nonstop Action
41.2%
Promoter of the YearDana White
39.5%
Feud of the YearKevin Steen vs. El Generico
39.1%
Best BrawlerKevin Steen
34.3%
Most Outstanding MMA FighterGeorges St. Pierre
33.5%
Most Over-ratedKane
33.5%
Tag Team of the YearKings of Wrestling
33%
Best Television AnnouncerJoe Rogan
32.6%
Award Winner % Correct
Best Non-WrestlerVickie Guerrero
30.9%
Most ImprovedSheamus
27.9%
Best Weekly TV ShowRing of Honor
25.8%
Worst Feud of the YearEdge vs. Kane
22.3%
Best on InterviewsChael Sonnen
21.9%
Worst Major ShowHardcore Justice
20.2%
Worst GimmickOrlando Jordan
17.2%
Best Major Show (PPV)UFC 116
15.9%
Best Flying WrestlerKota Ibushi
15.5%
Best Pro Wrestling BookCountdown to Lockdown by Mick Foley
15.5%
Most Disgusting Promotional TacticStand up for WWE
15%
Best GimmickAlberto Del Rio
15%
Rookie of the YearAdam Cole
14.6%
Best BookerJoe Silva
12.4%
Worst Match of the YearKaitlyn vs. Maxine, NXT
12%
Best Pro Wrestling DVDChris Jericho - Breaking the Code
9.9%
Most Under-ratedKaval
8.2%
Shoot Match of the YearLeonard Garcia vs. Jung Chan Sung, WEC 48
6%

You're not logged in!

Compare scores with friends on all Sporcle quizzes.
Join for Free
OR
Log In

You Might Also Like...

Show Comments

Extras

Top Quizzes Today


Score Distribution

Your Account Isn't Verified!

In order to create a playlist on Sporcle, you need to verify the email address you used during registration. Go to your Sporcle Settings to finish the process.

Report this User

Report this user for behavior that violates our Community Guidelines.

Details: